Pays disponibles dans le plus de langue sur Wikipédia par continent - Statistiques

Statistiques générales
  • Ce quiz a été pris 37 fois
  • Le résultat moyen est 44 sur 60
Statistiques - réponses
# Pays % Correct
Amérique du Sud 300 Brésil
100%
Amérique du Nord 322 Etats-Unis
100%
Europe 310 France
100%
Afrique 289 Afrique du Sud
97%
Afrique 281 Algérie
97%
Asie 313 Chine
97%
Europe 304 Espagne
97%
Afrique 268 Maroc
97%
Amérique du Sud 293 Argentine
94%
Afrique 299 Egypte
94%
Amérique du Nord 318 Mexique
94%
Europe 305 Royaume-Uni
94%
Europe 322 Russie
94%
Europe 310 Allemagne
91%
Amérique du Nord 305 Canada
91%
Amérique du Sud 291 Colombie
91%
Amérique du Sud 254 Uruguay
91%
Amérique du Sud 268 Venezuela
91%
Europe 316 Italie
88%
Asie 324 Japon
88%
Amérique du Sud 251 Paraguay
88%
Océanie 315 Australie
84%
Amérique du Sud 304 Chili
84%
Amérique du Nord 258 Cuba
84%
Asie 304 Inde
84%
Océanie 271 Nouvelle-Zélande
84%
Afrique 263 République démocratique du Congo
84%
Amérique du Sud 260 Bolivie
81%
Amérique du Nord 239 Costa Rica
78%
Asie 287 Indonésie
78%
Amérique du Sud 263 Pérou
78%
Amérique du Sud 252 Equateur
75%
Amérique du Nord 236 Jamaïque
75%
Amérique du Nord 236 Honduras
72%
Asie 289 Iran
72%
Amérique du Nord 239 Panama
72%
Asie 332 Turquie
72%
Océanie 221 Fidji
69%
Amérique du Nord 237 Guatemala
69%
Afrique 270 Nigeria
69%
Europe 305 Pologne
69%
Océanie 212 Samoa
66%
Asie 286 Israël
63%
Europe 305 Norvège
63%
Amérique du Nord 238 Belize
56%
Océanie 231 Papouasie-Nouvelle-Guinée
56%
Afrique 277 Ethiopie
53%
Océanie 200 Iles Salomon
53%
Afrique 267 Kenya
53%
Océanie 211 Kiribati
53%
Afrique 261 Soudan
53%
Asie 294 Viêt Nam
50%
Europe 319 Finlande
47%
Océanie 215 Vanuatu
47%
Asie 281 Afghanistan
41%
Océanie 217 Nauru
41%
Océanie 215 Palaos
34%
Afrique 262 Ghana
25%
Asie 290 Azerbaïdjan
13%
Europe 308 Albanie
9%
Aucun quiz correspondant
Distribution des résultats
% des personnes avec chaque résultat
Percentile par nombre de réponses
Votre historique - résultats
Vous n’avez pas pris ce quiz